Mandate days : British lives in Palestine, 1918-1948 /

Bibliographic Details
Main Author: Sherman, A. J. (Ari Joshua)
Format: Book
Language:English
Published: New York, N.Y. : Thames and Hudson, 1998
Subjects:

MARC

Tag First Indicator Second Indicator Subfields
LEADER 00000cam a2200000 a 4500
001 in00001404060
005 20151020054314.0
008 971210t19981997nyua b 001 0 eng d
010 |a  97060324  
020 |a 0500251169 
035 |a (OCoLC)38065507 
035 |9 AHN1051AM 
040 |a TOL  |c TOL  |d VPL  |d TXA  |d UtOrBLW 
049 |a TXAM 
090 |a DS113.8.B7  |b S54 1998 
092 |a 956.9404  |b S553m 
100 1 |a Sherman, A. J.  |q (Ari Joshua) 
245 1 0 |a Mandate days :  |b British lives in Palestine, 1918-1948 /  |c A.J. Sherman. 
264 1 |a New York, N.Y. :  |b Thames and Hudson,  |c 1998 
264 4 |c ©1997 
300 |a 264 pages :  |b illustrations ;  |c 24 cm. 
336 |a text  |b txt  |2 rdacontent 
337 |a unmediated  |b n  |2 rdamedia 
338 |a volume  |b nc  |2 rdacarrier 
504 |a Includes bibliographical references (pages 259-260) and index. 
650 0 |a British  |z Palestine. 
650 0 |a Mandates  |z Palestine. 
651 0 |a Palestine  |x Politics and government  |y 1917-1948. 
651 0 |a Palestine  |x History  |y 1917-1948. 
999 |a MARS 
999 f f |s 0a867215-7c60-3a0d-bebd-9112bafed9f3  |i 9c78b18a-fb9d-3109-9ad6-db81d69e3e6a  |t 0 
952 f f |p ric  |a Texas A&M University  |b Rellis Campus  |c Joint Library Facility  |d Remote Storage  |t 0  |e DS113.8.B7 S54 1998  |h Library of Congress classification  |i unmediated -- volume  |m A14822132210 
998 f f |a DS113.8.B7 S54 1998  |t 0  |l Remote Storage